| 000 | 00898nam a22002777a 4500 | ||
|---|---|---|---|
| 001 | 8930 | ||
| 003 | FISKH | ||
| 005 | 20251209100400.0 | ||
| 008 | 251110b cb ||||| |||| 00| 0 eng d | ||
| 020 | _a0894809938 | ||
| 040 |
_aFISKH _beng _cFISKH _dFISKH |
||
| 050 | _aG175 .W65 | ||
| 082 | _a910 | ||
| 100 |
_aWolfman, Ira _eAuthor |
||
| 245 |
_aMy world & globe / _cBy Ira Wolfman ; Illustrated by Paul Meisel |
||
| 260 |
_aNew York : _bWorkman , _c1991 |
||
| 300 |
_a64 pages : _bcolor illustrations ; _c21 cm |
||
| 505 | _aN | ||
| 520 | _aIntroduces the geography of the world. Includes an inflatable globe on which boundaries can be drawn, countries labeled, and stickers pasted. | ||
| 521 | 8 |
_a600
_bLexile estimate |
|
| 521 | 8 |
_aN
_bRaz-Plus |
|
| 650 |
_aGeography _vGeography around the world |
||
| 700 |
_aMeisel, Paul _eIllustrator |
||
| 942 |
_2ddc _cBK _n0 |
||
| 999 |
_c8930 _d8930 |
||